Music Quiz

Random Music Quiz
Score 0/198 Timer 05:00
0 Plays Today
Answer % Correct
My
100%
mama
100%
said
100%
That
100%
your
100%
life
100%
is
100%
a
100%
gift
100%
And
100%
my
100%
mama
100%
said
100%
There's
100%
much
100%
weight
100%
you
100%
will
100%
lift
100%
And
100%
my
100%
mama
100%
said
100%
And
100%
my
100%
mama
100%
said
100%
Be
100%
home
100%
before
100%
the
100%
dawn
100%
And
100%
my
100%
mama
100%
said
100%
You
100%
can
100%
be
100%
But
100%
my
100%
mama
100%
said
100%
You
100%
can
100%
be
100%
big
100%
small
100%
But
100%
I'm
100%
always
100%
on
100%
the
100%
run
100%
Always
100%
on
100%
the
100%
run
100%
But
100%
I'm
100%
always
100%
on
100%
the
100%
run
100%
My
100%
mama
100%
Answer % Correct
said
100%
That
100%
it's
100%
good
100%
to
100%
be
100%
But
100%
my
100%
mama
100%
said
100%
Don't
100%
take
100%
a
100%
And
100%
my
100%
mama
100%
said
100%
That
100%
it's
100%
good
100%
to
100%
be
100%
And
100%
my
100%
mama
100%
said
100%
That
100%
it's
100%
good
100%
to
100%
be
100%
But
100%
I'm
100%
always
100%
on
100%
the
100%
run
100%
Always
100%
on
100%
the
100%
run
100%
But
100%
I'm
100%
always
100%
on
100%
the
100%
run
100%
My
100%
mama
100%
said
100%
don't
100%
that
100%
And
100%
my
100%
mama
100%
said
100%
You
100%
with
100%
much
100%
And
100%
my
100%
mama
100%
said
100%
Go
100%
get
100%
all
100%
Answer % Correct
that
100%
you're
100%
after
100%
And
100%
my
100%
mama
100%
said
100%
That
100%
love's
100%
all
100%
that
100%
matters
100%
But
100%
I'm
100%
always
100%
on
100%
the
100%
run
100%
Always
100%
on
100%
the
100%
run
100%
But
100%
I'm
100%
always
100%
on
100%
the
100%
run
100%
But
100%
I'm
100%
always
100%
on
100%
the
100%
run
100%
Always
100%
on
100%
the
100%
run
100%
But
100%
I'm
100%
always
100%
on
100%
the
100%
run
100%
Leave
80%
those
80%
bad
80%
boys
80%
alone
80%
rich
80%
or
80%
or
80%
fruitful
80%
more
80%
than
80%
mouthful
80%
natural
80%
Baby
80%
crazy
80%
horse
80%
must
80%
push
80%
force
80%
poor
60%
factual
60%
ride
60%
Remove Ads.
Support Sporcle.
Get the best of Sporcle when you Go Orange. This ad-free experience offers more features, more stats, and more fun while also helping to support Sporcle. Thank you for becoming a member.

You're not logged in!

Compare scores with friends on all Sporcle quizzes.
OR
Log In

Show Comments

Extras

Created Sep 17, 2017SourceReportNominate
Tags:Always, run

Top Quizzes Today


Score Distribution

Your Account Isn't Verified!

In order to create a playlist on Sporcle, you need to verify the email address you used during registration. Go to your Sporcle Settings to finish the process.

Report this User

Report this user for behavior that violates our Community Guidelines.

Details: